Russische Bibliothek, zur Kenntniss des gegenwärtigen Zustandes der Literatur in Russland (Запись № 9684794)
[ простой вид ]
| 000 -МАРКЕР | |
|---|---|
| контрольное поле | 00790nam1a22002531 4500 |
| 001 - ИДЕНТИФИКАТОР ЗАПИСИ | |
| контрольное поле | RU\NLR\INFOCOMM18\ROSSICA\1000347810 |
| 005 - ИДЕНТИФИКАТОР ВЕРСИИ | |
| контрольное поле | 20240726080121.0 |
| 035 ## - ДРУГИЕ СИСТЕМНЫЕ НОМЕРА | |
| Идентификатор записи | (NLR Aleph) 009978856 |
| 100 ## - ДАННЫЕ ОБЩЕЙ ОБРАБОТКИ | |
| Данные общей обработки | 20030410g17721789|||y0rusy50 ba |
| 101 0# - ЯЗЫК РЕСУРСА | |
| Язык текста, звукозаписи и т.д. | немецкий |
| 102 ## - СТРАНА ПУБЛИКАЦИИ ИЛИ ПРОИЗВОДСТВА | |
| Страна публикации | российская федерация |
| -- | латвия |
| -- | германия |
| 105 ## - ПОЛЕ КОДИРОВАННЫХ ДАННЫХ: ТЕКСТОВЫЕ МАТЕРИАЛЫ, МОНОГРАФИЧЕСКИЕ | |
| Кодированные данные о монографическом текстовом документе | y ||||000ay |
| 200 1# - ЗАГЛАВИЕ И СВЕДЕНИЯ ОБ ОТВЕТСТВЕННОСТИ | |
| Основное заглавие | Russische Bibliothek, zur Kenntniss des gegenwärtigen Zustandes der Literatur in Russland |
| Первые сведения об ответственности | Bacmeister, Hartwich Ludw.Christian |
| 210 ## - ПУБЛИКАЦИЯ, РАСПРОСТРАНЕНИЕ И ДР. | |
| Место издания, распространения и т.д. | St.Petersburg |
| -- | Riga |
| -- | Leipzig |
| Дата издания, распространения и т.д. | 1772-1789 |
| 215 ## - ФИЗИЧЕСКАЯ ХАРАКТЕРИСТИКА | |
| Размеры | 4° |
| 300 ## - ОБЩИЕ ПРИМЕЧАНИЯ | |
| Текст примечания | 2 экз. |
| 700 #1 - ИМЯ ЛИЦА - ПЕРВИЧНАЯ ОТВЕТСТВЕННОСТЬ | |
| Начальный элемент ввода | Bacmeister |
| Часть имени, кроме начального элемента ввода | H.L.Ch. |
| Расширение инициалов личного имени | Hartwich Ludw.Christian |
| Код отношения | Автор |
| 801 #1 - ИСТОЧНИК ЗАПИСИ | |
| Страна | российская федерация |
| Организация | InfoComm |
| Дата составления | 20030410 |
| 801 #0 - ИСТОЧНИК ЗАПИСИ | |
| Страна | российская федерация |
| Организация | NLR |
| Правила каталогизации | PSBO |
| 852 ## - МЕСТОНАХОЖДЕНИЕ И ШИФР ХРАНЕНИЯ | |
| Идентификатор организации | NLR |
| Наименование фонда или коллекции (Sub-Location Identifier) | ЦСБ |
| Шифр хранения (Call Number) | 420/1 |
| 942 ## - ДОПОЛНИТЕЛЬНЫЕ ЭЛЕМЕНТЫ ЗАПИСИ (АБИС) | |
| Тип экземпляра АБИС | Книга |
| 980 ## - КОЛЛЕКЦИЯ | |
| Название коллекции | Иностранная рекаталогизация: 17-19 век |
Нет доступных экземпляров.